[Event "European Championship 2015"]
[Site "Jerusalem ISR"]
[Date "2015.02.27"]
[Round "4"]
[White "Andriasian, Zaven"]
[Black "Inarkiev, Ernesto"]
[Result "1/2-1/2"]
[WhiteElo "2612"]
[BlackElo "2675"]
[PlyCount "85"]
[EventDate "2015.02.24"]

1. e4 e5 2. Nf3 Nc6 3. Bc4 Nf6 4. d3 Bc5 5. c3 a6 6. O-O Ba7 7. Nbd2 O-O 8. h3
d6 9. Bb3 Re8 10. Re1 h6 11. Nf1 Be6 12. Bc2 d5 13. exd5 Nxd5 14. Ng3 Qd6 15.
Nh4 Rad8 16. Nhf5 Bxf5 17. Nxf5 Qf6 18. Ne3 Re6 19. b3 Nce7 20. Ng4 Qf5 21. Be3
c5 22. Qe2 h5 23. Nh2 Rg6 24. Kh1 Nc6 25. Rad1 Rgd6 26. Nf3 g6 27. Bc1 Nf4 28.
Bxf4 exf4 29. h4 Na5 30. b4 cxb4 31. cxb4 Nc6 32. Qd2 Bb8 33. Re4 Qg4 34. Rde1
Re6 35. Bb3 Rde8 36. Rxe6 Rxe6 37. Re4 Rxe4 38. Qe2 Qd7 39. Qxe4 Kg7 40. Bd5
Nd8 41. Qd4+ Kf8 42. Ng5 Qd6 43. Nf3 1/2-1/2

[Event "European Championship 2015"]
[Site "Jerusalem ISR"]
[Date "2015.02.27"]
[Round "4"]
[White "Esen, Baris"]
[Black "Nepomniachtchi, Ian"]
[Result "0-1"]
[WhiteElo "2571"]
[BlackElo "2714"]
[PlyCount "70"]
[EventDate "2015.02.24"]

1. e4 d6 2. d4 Nf6 3. Nc3 g6 4. f4 Bg7 5. Nf3 Na6 6. Bd3 O-O 7. O-O c5 8. d5
Nc7 9. a4 Rb8 10. Qe2 b6 11. Nb5 a6 12. Nxc7 Qxc7 13. c4 e6 14. e5 Ne8 15. Bd2
exd5 16. cxd5 Bb7 17. Bxa6 Bxd5 18. Bc3 Bc6 19. b3 Qd7 20. Rad1 d5 21. Bd3 Nc7
22. f5 Rbe8 23. Qf2 d4 24. f6 dxc3 25. fxg7 Kxg7 26. Bxg6 Qg4 27. Bc2 Nd5 28.
h3 Qf4 29. Rde1 Nb4 30. Qe2 Rd8 31. Kh1 Kh8 32. Bb1 Rg8 33. Rc1 Rxg2 34. Qxg2
Rd2 35. Rxc3 Rxg2 0-1

[Event "European Championship 2015"]
[Site "Jerusalem ISR"]
[Date "2015.02.27"]
[Round "4"]
[White "Yilmaz, Mustafa"]
[Black "Vallejo Pons, Francisco"]
[Result "1/2-1/2"]
[WhiteElo "2570"]
[BlackElo "2706"]
[PlyCount "26"]
[EventDate "2015.02.24"]

1. c4 Nf6 2. Nf3 g6 3. d4 Bg7 4. Nc3 O-O 5. e4 d6 6. Be2 c5 7. d5 e6 8. O-O Re8
9. h3 exd5 10. exd5 Bf5 11. Bd3 Ne4 12. Nxe4 Bxe4 13. Bxe4 Rxe4 1/2-1/2

[Event "Cappelle Grande Open 2015"]
[Site "Cappelle la Grande FRA"]
[Date "2015.02.28"]
[Round "1"]
[White "Laurusas, Tomas"]
[Black "Li, Chao b"]
[Result "1/2-1/2"]
[WhiteElo "2411"]
[BlackElo "2728"]
[PlyCount "111"]
[EventDate "2015.02.28"]

1. d4 Nf6 2. c4 g6 3. Nc3 d5 4. cxd5 Nxd5 5. g3 Bg7 6. Bg2 Nb6 7. Nf3 c5 8. Be3
cxd4 9. Bxd4 O-O 10. O-O Nc6 11. Bxg7 Kxg7 12. Qxd8 Rxd8 13. Rfd1 Bf5 14. Kf1
Nc4 15. b3 Na3 16. Rac1 Rxd1+ 17. Nxd1 Rd8 18. Ne1 Rd2 19. Nc3 a5 20. Bxc6 bxc6
21. Nf3 Rd6 22. Rd1 Nc2 23. Rxd6 exd6 24. e4 Bc8 25. Ke2 Kf6 26. Kd2 Nb4 27.
Nd4 Bb7 28. Ke3 Ke7 29. h4 c5 30. Ndb5 f5 31. f3 fxe4 32. fxe4 Ke6 33. Na3 Ba6
34. Nc4 Bxc4 35. bxc4 h6 36. a4 g5 37. hxg5 hxg5 38. Nb1 Nc6 39. Kd3 Kf6 40.
Nd2 Ne5+ 41. Kc3 Nd7 42. Nb3 Nb6 43. Nxa5 Nxa4+ 44. Kb3 Nb6 45. Nc6 Nd7 46. Kc3
Kg6 47. Ne7+ Kh5 48. Nf5 Kg4 49. Nxd6 Kxg3 50. e5 Nxe5 51. Ne4+ Kf4 52. Nxc5
Ke3 53. Ne6 g4 54. Ng7 Kf3 55. c5 Ng6 56. Nh5 1/2-1/2

[Event "European Championship 2015"]
[Site "Jerusalem ISR"]
[Date "2015.03.01"]
[Round "5"]
[White "Korobov, Anton"]
[Black "Navara, David"]
[Result "1/2-1/2"]
[WhiteElo "2687"]
[BlackElo "2735"]
[PlyCount "59"]
[EventDate "2015.02.24"]

1. Nf3 Nf6 2. c4 g6 3. Nc3 d5 4. cxd5 Nxd5 5. Qb3 Nb6 6. d4 Bg7 7. e4 Bg4 8.
Bb5+ c6 9. Ng5 O-O 10. Be2 Bxe2 11. Nxe2 c5 12. dxc5 N6d7 13. Qxb7 Qa5+ 14. Bd2
Qa6 15. Qxa6 Nxa6 16. c6 Bxb2 17. Rb1 Ne5 18. O-O Rab8 19. Bf4 Rfc8 20. Nf3 f6
21. Nxe5 fxe5 22. Be3 Rxc6 23. Bxa7 Rb4 24. Rfd1 Rc2 25. Kf1 Ra4 26. Be3 Rxa2
27. Rd2 Rxd2 28. Bxd2 Nc5 29. f3 Kf7 30. Nc3 1/2-1/2

[Event "European Championship 2015"]
[Site "Jerusalem ISR"]
[Date "2015.03.01"]
[Round "5"]
[White "Eljanov, Pavel"]
[Black "Grigoryan, Karen H"]
[Result "1-0"]
[WhiteElo "2727"]
[BlackElo "2596"]
[PlyCount "93"]
[EventDate "2015.02.24"]

1. d4 Nf6 2. c4 g6 3. Nc3 d5 4. Nf3 Bg7 5. e3 O-O 6. cxd5 Nxd5 7. Bc4 Nb6 8.
Bb3 c5 9. O-O cxd4 10. exd4 Bg4 11. d5 N8d7 12. h3 Bxf3 13. Qxf3 Nc5 14. Rd1
Nxb3 15. axb3 Nc8 16. Be3 a6 17. Na4 a5 18. Qe2 Nd6 19. Rac1 Rc8 20. Bb6 Qd7
21. Rxc8 Rxc8 22. Bxa5 Qb5 23. Qxb5 Nxb5 24. Bb4 Rc7 25. Re1 Kf8 26. Nc3 Nd6
27. Kf1 Rd7 28. Ke2 Ne8 29. Ra1 f5 30. Kd3 Kf7 31. Kc4 Rc7+ 32. Kd3 Rd7 33. Ra5
b6 34. Ra6 Nc7 35. Ra7 Ke8 36. Kc4 b5+ 37. Nxb5 Nxd5 38. Nd6+ exd6 39. Ra8+ Kf7
40. Kxd5 Re7 41. Bxd6 Re2 42. Ra7+ Kg8 43. Bc5 Rd2+ 44. Kc6 Rc2 45. b4 Bd4 46.
f3 Bxb2 47. Ra2 1-0

[Event "European Championship 2015"]
[Site "Jerusalem ISR"]
[Date "2015.03.01"]
[Round "5"]
[White "Van Kampen, Robin"]
[Black "Vitiugov, Nikita"]
[Result "1/2-1/2"]
[WhiteElo "2626"]
[BlackElo "2735"]
[PlyCount "28"]
[EventDate "2015.02.24"]

1. e4 c6 2. d4 d5 3. e5 Bf5 4. h4 a6 5. Ne2 h5 6. Ng3 Bg4 7. Be2 Bxe2 8. Qxe2
e6 9. Nd2 g6 10. Nf3 Nd7 11. Bg5 Qa5+ 12. c3 Qb5 13. a4 Qxe2+ 14. Kxe2 Be7
1/2-1/2

[Event "European Championship 2015"]
[Site "Jerusalem ISR"]
[Date "2015.03.01"]
[Round "5"]
[White "Nepomniachtchi, Ian"]
[Black "Romanov, Evgeny"]
[Result "1-0"]
[WhiteElo "2714"]
[BlackElo "2625"]
[PlyCount "87"]
[EventDate "2015.02.24"]

1. c4 c6 2. Nf3 d5 3. e3 Nf6 4. Nc3 Bg4 5. Qb3 Qb6 6. Ne5 Be6 7. d4 Nbd7 8. f4
g6 9. Bd2 Bg7 10. Qa3 dxc4 11. Nxc4 Qd8 12. Ne5 O-O 13. Be2 a5 14. Rd1 Nxe5 15.
dxe5 Nd7 16. b3 f6 17. exf6 exf6 18. e4 f5 19. e5 g5 20. Qd6 Re8 21. Bh5 Qb6
22. Bxe8 Rxe8 23. Na4 Qa7 24. Qc7 gxf4 25. Qxa5 Qd4 26. Qb4 Qxe5+ 27. Kf1 c5
28. Qxf4 Bxb3 29. Qxe5 Bc4+ 30. Kg1 Nxe5 31. Bc3 Ra8 32. Nb6 Be2 33. Nxa8 Bxd1
34. Nc7 Bc2 35. Ne6 Nf3+ 36. gxf3 Bxc3 37. Kg2 Bd2 38. Nxc5 b6 39. Ne6 Be3 40.
Re1 f4 41. Nc7 Bd3 42. Nd5 Bc5 43. Rc1 Kf7 44. a4 1-0

[Event "European Championship 2015"]
[Site "Jerusalem ISR"]
[Date "2015.03.01"]
[Round "5"]
[White "Beliavsky, Alexander G"]
[Black "Bacrot, Etienne"]
[Result "1/2-1/2"]
[WhiteElo "2623"]
[BlackElo "2711"]
[PlyCount "55"]
[EventDate "2015.02.24"]

1. d4 Nf6 2. c4 g6 3. Nc3 Bg7 4. e4 d6 5. Nf3 O-O 6. Be2 e5 7. O-O Nc6 8. d5
Ne7 9. Nd2 a5 10. Rb1 Bd7 11. b3 c6 12. Bb2 Bh6 13. a3 c5 14. Bc1 Ne8 15. b4
axb4 16. axb4 b6 17. bxc5 bxc5 18. Nb3 Bg7 19. Bd2 f5 20. f3 Nf6 21. Ra1 h6 22.
Rxa8 Qxa8 23. Qa1 Rb8 24. Qxa8 Rxa8 25. Bd3 Nc8 26. Rb1 f4 27. Nc1 Bf8 28. Rb7
1/2-1/2

[Event "European Championship 2015"]
[Site "Jerusalem ISR"]
[Date "2015.03.01"]
[Round "5"]
[White "Inarkiev, Ernesto"]
[Black "Solak, Dragan"]
[Result "1/2-1/2"]
[WhiteElo "2675"]
[BlackElo "2607"]
[PlyCount "151"]
[EventDate "2015.02.24"]

1. d4 d5 2. c4 c6 3. Nc3 Nf6 4. e3 a6 5. Nf3 b5 6. b3 Bg4 7. a4 b4 8. Ne2 Nbd7
9. Ne5 Nxe5 10. dxe5 Bxe2 11. Bxe2 Ne4 12. Bb2 e6 13. O-O Nc3 14. Qd3 dxc4 15.
Qxc4 Qd5 16. Rfc1 Qxc4 17. Bxc4 a5 18. Bf1 Kd7 19. Bxc3 bxc3 20. Rxc3 Bb4 21.
Rd1+ Kc7 22. Rc4 Rad8 23. Rdc1 c5 24. Rxb4 axb4 25. Rxc5+ Kb6 26. Rb5+ Ka7 27.
Rxb4 Rd1 28. g3 Rb8 29. Rf4 Rb7 30. Kg2 Rd5 31. Re4 Kb6 32. b4 Rc7 33. a5+ Kb7
34. h4 Rd2 35. g4 h6 36. g5 hxg5 37. hxg5 Kb8 38. Kg3 Rc1 39. Bg2 Rb2 40. Rd4
Rcc2 41. Bf3 g6 42. Rf4 Rc7 43. Bg2 Rb1 44. Rd4 Rcc1 45. Be4 Rg1+ 46. Kf4 Rb2
47. Kf3 Rf1 48. Kg3 Rfxf2 49. Rd7 Rfe2 50. a6 Rxe3+ 51. Bf3 Ra3 52. Rb7+ Kc8
53. Rxf7 Kb8 54. Rb7+ Kc8 55. Rf7 Kb8 56. Rf6 Rbb3 57. b5 Ka7 58. Kg2 Rb2+ 59.
Kg3 Rbb3 60. Kg4 Ra4+ 61. Kh3 Raa3 62. Kg3 Rc3 63. Kg4 Rc4+ 64. Rf4 Raa4 65.
Rxc4 Rxc4+ 66. Kg3 Rc5 67. Kf4 Rxb5 68. Be4 Rb4 69. Ke3 Kxa6 70. Bxg6 Rg4 71.
Bf7 Rxg5 72. Ke4 Rg4+ 73. Ke3 Rg7 74. Bxe6 Re7 75. Bc4+ Kb6 76. Ke4 1/2-1/2

[Event "European Championship 2015"]
[Site "Jerusalem ISR"]
[Date "2015.03.01"]
[Round "5"]
[White "Vallejo Pons, Francisco"]
[Black "Timofeev, Artyom"]
[Result "1-0"]
[WhiteElo "2706"]
[BlackElo "2564"]
[PlyCount "63"]
[EventDate "2015.02.24"]

1. d4 Nf6 2. c4 g6 3. f3 d5 4. cxd5 c6 5. dxc6 Nxc6 6. e3 e5 7. Bb5 Qa5+ 8. Nc3
Bb4 9. Bxc6+ bxc6 10. Nge2 O-O 11. a3 Bxc3+ 12. bxc3 Ba6 13. O-O Nd5 14. Bd2
Bc4 15. Rf2 Rab8 16. e4 Nb6 17. a4 f6 18. f4 Bf7 19. fxe5 fxe5 20. Bh6 Rfe8 21.
Qd3 Be6 22. dxe5 Nd7 23. Raf1 Qxa4 24. Nd4 Qc4 25. Qf3 c5 26. Nc6 Ra8 27. Ne7+
Kh8 28. Nd5 Rec8 29. h4 Rab8 30. Qf4 Rd8 31. Nf6 Nf8 32. Ne8 1-0

[Event "European Championship 2015"]
[Site "Jerusalem ISR"]
[Date "2015.03.02"]
[Round "6"]
[White "Nepomniachtchi, Ian"]
[Black "Korobov, Anton"]
[Result "1-0"]
[WhiteElo "2714"]
[BlackElo "2687"]
[PlyCount "91"]
[EventDate "2015.02.24"]

1. c4 e6 2. Nc3 d5 3. d4 Nf6 4. Nf3 c6 5. e3 Nbd7 6. Qc2 Bd6 7. Bd3 O-O 8. O-O
dxc4 9. Bxc4 b5 10. Be2 a6 11. Ng5 Qc7 12. e4 h6 13. e5 hxg5 14. exd6 Qxd6 15.
Bxg5 Qxd4 16. h4 Bb7 17. Rad1 Qc5 18. Qd2 b4 19. Na4 Qa5 20. b3 c5 21. h5 c4
22. Qe3 Qe5 23. Qxe5 Nxe5 24. Nb6 c3 25. Nxa8 Rxa8 26. Bxf6 gxf6 27. f4 Nc6 28.
Rd7 Na5 29. Rfd1 Kg7 30. Rc7 Bd5 31. Kf2 Rd8 32. Bf3 f5 33. Ke3 Rd6 34. Bxd5
exd5 35. Rc5 Re6+ 36. Kd3 Nc6 37. Rxd5 Kh6 38. Rh1 f6 39. g3 Ne7 40. Rd7 a5 41.
Rh2 Re1 42. Kc4 Re6 43. Kb5 Nc6 44. Rd1 Kg7 45. h6+ Kh8 46. h7 1-0

[Event "European Championship 2015"]
[Site "Jerusalem ISR"]
[Date "2015.03.02"]
[Round "6"]
[White "Navara, David"]
[Black "Bartel, Mateusz"]
[Result "0-1"]
[WhiteElo "2735"]
[BlackElo "2631"]
[PlyCount "126"]
[EventDate "2015.02.24"]

1. e4 e6 2. d4 d5 3. Nd2 c5 4. Ngf3 cxd4 5. exd5 Qxd5 6. Bc4 Qd7 7. Nb3 Nc6 8.
Nbxd4 Nxd4 9. Nxd4 a6 10. O-O Nf6 11. Bf4 b5 12. Bb3 Bc5 13. Be5 Bb7 14. c3 O-O
15. Qe2 Qe7 16. Rad1 Rad8 17. Rfe1 Ba8 18. Rd3 g6 19. Qd2 Ng4 20. Bg3 e5 21.
Bd1 Qf6 22. Bxg4 exd4 23. cxd4 Rxd4 24. Qc3 Qb6 25. Rxd4 Bxd4 26. Qc2 Qf6 27.
b3 h5 28. Bd7 Rd8 29. h4 Bxg2 30. Kxg2 Rxd7 31. Qe4 Rd8 32. Rc1 Bc3 33. b4 Kh7
34. a3 Rd4 35. Qf3 Qxf3+ 36. Kxf3 Rc4 37. Ke2 Kg8 38. Rc2 Bd4 39. Rxc4 bxc4 40.
Kf3 f5 41. Bf4 Kf7 42. Bg5 Ke6 43. Ke2 Kd5 44. f3 Kc6 45. a4 Bc3 46. Be7 Kd7
47. Bc5 Bf6 48. Bf2 Be7 49. b5 axb5 50. axb5 Kc7 51. Kd2 Bb4+ 52. Kc2 Kd6 53.
Kb2 Kd5 54. Ka2 f4 55. Kb2 Bc5 56. Be1 Bd4+ 57. Ka3 Kc5 58. b6 Kxb6 59. Kb4 c3
60. Bxc3 Bxc3+ 61. Kxc3 Kc5 62. Kd3 Kd5 63. Kc3 g5 0-1

[Event "European Championship 2015"]
[Site "Jerusalem ISR"]
[Date "2015.03.02"]
[Round "6"]
[White "Najer, Evgeniy"]
[Black "Eljanov, Pavel"]
[Result "1/2-1/2"]
[WhiteElo "2634"]
[BlackElo "2727"]
[PlyCount "50"]
[EventDate "2015.02.24"]

1. e4 e5 2. Nf3 Nc6 3. d4 exd4 4. Nxd4 Bc5 5. Nxc6 Qf6 6. Qf3 bxc6 7. Nc3 Bd4
8. Na4 d6 9. c3 Qxf3 10. gxf3 Bf6 11. b3 Ne7 12. h4 h5 13. Bg5 Bxg5 14. hxg5 g6
15. f4 c5 16. f3 Bb7 17. Kf2 O-O-O 18. Bd3 Rdf8 19. Rh4 f5 20. gxf6 Rxf6 21.
Rg1 Rhf8 22. Ke3 Re8 23. Kf2 Ref8 24. Ke3 Re8 25. Kf2 Ref8 1/2-1/2

[Event "European Championship 2015"]
[Site "Jerusalem ISR"]
[Date "2015.03.02"]
[Round "6"]
[White "Vitiugov, Nikita"]
[Black "Beliavsky, Alexander G"]
[Result "1/2-1/2"]
[WhiteElo "2735"]
[BlackElo "2623"]
[PlyCount "76"]
[EventDate "2015.02.24"]

1. d4 d5 2. c4 c6 3. Nf3 Nf6 4. Nc3 dxc4 5. a4 Bf5 6. Ne5 e6 7. f3 c5 8. e4 Bg6
9. Be3 cxd4 10. Qxd4 Qxd4 11. Bxd4 Nfd7 12. Nxd7 Nxd7 13. Bxc4 a6 14. Rc1 Rc8
15. Ba2 Rg8 16. h4 h6 17. Ke2 Rc6 18. Nb1 Bc5 19. Bxc5 Nxc5 20. a5 Ke7 21. h5
Bh7 22. Rc4 Rb8 23. Nd2 Nd7 24. b4 Ne5 25. Rxc6 Nxc6 26. Rb1 f5 27. Bc4 fxe4
28. fxe4 Ne5 29. Ke3 Ng4+ 30. Kf4 Rd8 31. Rb2 Nf6 32. Be2 Rc8 33. b5 Rc5 34.
bxa6 bxa6 35. Rb7+ Kf8 36. Rb8+ Ke7 37. Rb7+ Kf8 38. Rb8+ Ke7 1/2-1/2

[Event "European Championship 2015"]
[Site "Jerusalem ISR"]
[Date "2015.03.02"]
[Round "6"]
[White "Bacrot, Etienne"]
[Black "Van Kampen, Robin"]
[Result "1/2-1/2"]
[WhiteElo "2711"]
[BlackElo "2626"]
[PlyCount "43"]
[EventDate "2015.02.24"]

1. d4 Nf6 2. c4 e6 3. Nf3 d5 4. Nc3 dxc4 5. e4 Bb4 6. Bxc4 Nxe4 7. O-O Nxc3 8.
bxc3 Be7 9. Ne5 O-O 10. Qg4 Nc6 11. Bh6 Bf6 12. Rae1 Ne7 13. Bc1 c5 14. Ba3 b6
15. Qf3 Rb8 16. Ng4 Nf5 17. dxc5 Be7 18. Ne5 Bxc5 19. Bxc5 bxc5 20. Nc6 Bb7 21.
Nxd8 Bxf3 22. Nxf7 1/2-1/2

[Event "European Championship 2015"]
[Site "Jerusalem ISR"]
[Date "2015.03.02"]
[Round "6"]
[White "Bukavshin, Ivan"]
[Black "Vallejo Pons, Francisco"]
[Result "1-0"]
[WhiteElo "2622"]
[BlackElo "2706"]
[PlyCount "59"]
[EventDate "2015.02.24"]

1. d4 Nf6 2. c4 e6 3. Nc3 Bb4 4. Nf3 b6 5. e3 Ne4 6. Qc2 Bb7 7. Bd3 Bxc3+ 8.
bxc3 f5 9. O-O O-O 10. a4 Nc6 11. Ba3 Rf6 12. Rfb1 Rb8 13. Bb4 Rg6 14. Bf1 Rh6
15. Rd1 g5 16. Nd2 g4 17. g3 Nxb4 18. cxb4 Qg5 19. d5 Nxd2 20. Rxd2 Qh5 21. h4
gxh3 22. Kh2 d6 23. a5 Qf3 24. axb6 axb6 25. Ra7 Rg6 26. Qd1 Qg4 27. Rd4 Qg5
28. Rh4 Qf6 29. Bxh3 Qb2 30. Kg1 1-0

[Event "European Championship 2015"]
[Site "Jerusalem ISR"]
[Date "2015.03.02"]
[Round "6"]
[White "Goganov, Aleksey"]
[Black "Inarkiev, Ernesto"]
[Result "1-0"]
[WhiteElo "2605"]
[BlackElo "2675"]
[PlyCount "71"]
[EventDate "2015.02.24"]

1. d4 Nf6 2. c4 e6 3. Nf3 d5 4. Nc3 Be7 5. Bf4 O-O 6. e3 Nbd7 7. Qc2 c5 8. Rd1
cxd4 9. Rxd4 Qa5 10. Bg3 Nb6 11. Nd2 dxc4 12. Bxc4 Nxc4 13. Nxc4 Qa6 14. O-O
Bc5 15. Rh4 h6 16. Rd1 Bd7 17. Ne5 Rfd8 18. Rc4 Rac8 19. Bh4 g5 20. Ne4 Be7 21.
Nxf6+ Bxf6 22. Nxd7 Rxc4 23. Nxf6+ Kf8 24. Rxd8+ Ke7 25. Qd2 Kxf6 26. Bg3 Qxa2
27. h4 gxh4 28. Bf4 Qb1+ 29. Kh2 Rc1 30. Qd4+ Ke7 31. Qd7+ Kf6 32. Be5+ Kg6 33.
Rg8+ Kf5 34. Qxf7+ Kxe5 35. Qf4+ Kd5 36. e4+ 1-0

[Event "Cappelle Grande Open 2015"]
[Site "Cappelle la Grande FRA"]
[Date "2015.03.02"]
[Round "3"]
[White "Li, Chao b"]
[Black "Moussard, Jules"]
[Result "1-0"]
[WhiteElo "2728"]
[BlackElo "2422"]
[PlyCount "185"]
[EventDate "2015.02.28"]

1. Nf3 c5 2. c4 Nc6 3. Nc3 Nf6 4. e3 e6 5. d4 d5 6. a3 a6 7. dxc5 Bxc5 8. b4
Bd6 9. cxd5 exd5 10. Be2 O-O 11. O-O Bg4 12. Bb2 Bc7 13. Rc1 Qd6 14. g3 Rac8
15. Na4 Ne4 16. Nc5 Nxc5 17. Rxc5 Rfd8 18. Nd4 Bxe2 19. Qxe2 Bb6 20. Nxc6 Rxc6
21. Rxc6 Qxc6 22. Rc1 Qe6 23. Qd3 Qe4 24. Qc3 Qg4 25. a4 d4 26. Qc4 h5 27. a5
dxe3 28. Qxg4 hxg4 29. axb6 e2 30. Re1 Rd1 31. Bc3 Rd3 32. Rxe2 Rxc3 33. Re8+
Kh7 34. Re7 Kg6 35. Rxb7 Rb3 36. Ra7 Rb1+ 37. Kg2 Rxb4 38. Rxa6 f6 39. Kf1 Rb2
40. Ke1 Kf5 41. Kd1 Ke4 42. Kc1 Rb4 43. Kd2 Kd4 44. Ra7 Rb2+ 45. Ke1 Rxb6 46.
Rxg7 Rb1+ 47. Ke2 f5 48. Re7 Rh1 49. Rh7 Ke5 50. Rh6 Ra1 51. h4 gxh3 52. Rxh3
Kf6 53. Rh4 Ra2+ 54. Kf3 Ra3+ 55. Kg2 Kg5 56. Rd4 Ra2 57. Rd8 Ra4 58. Rd5 Ra2
59. Rb5 Rc2 60. Rb8 Rc4 61. f4+ Kg6 62. Kh3 Rc1 63. Rb6+ Kh5 64. Rf6 Rc5 65.
Rf8 Kg6 66. Rg8+ Kf6 67. Ra8 Kg6 68. Kh4 Rc6 69. Rg8+ Kh6 70. Rg5 Rf6 71. Kh3
Rf7 72. Kg2 Rf6 73. Kf3 Rf7 74. Ke3 Re7+ 75. Kd4 Re4+ 76. Kd5 Re3 77. Kc4 Re4+
78. Kc5 Re3 79. Kd5 Re8 80. Rxf5 Rg8 81. Ke6 Rxg3 82. Rd5 Kg6 83. f5+ Kh6 84.
Rd8 Ra3 85. f6 Ra6+ 86. Rd6 Ra8 87. Ke7 Kg6 88. Rd7 Ra1 89. f7 Re1+ 90. Kf8 Kh7
91. Rd2 Rh1 92. Rf2 Ra1 93. Rh2+ 1-0

[Event "Cappelle Grande Open 2015"]
[Site "Cappelle la Grande FRA"]
[Date "2015.03.02"]
[Round "4"]
[White "Kulaots, Kaido"]
[Black "Li, Chao b"]
[Result "1/2-1/2"]
[WhiteElo "2558"]
[BlackElo "2728"]
[PlyCount "110"]
[EventDate "2015.02.28"]

1. e4 c5 2. Nf3 Nc6 3. d4 cxd4 4. Nxd4 Nf6 5. Nc3 d6 6. Bg5 e6 7. Qd2 a6 8.
O-O-O Bd7 9. f4 h6 10. Bh4 b5 11. Nxc6 Bxc6 12. Qe1 Be7 13. e5 Nd5 14. Bxe7
Qxe7 15. Nxd5 Bxd5 16. Rg1 O-O 17. g4 Rac8 18. Kb1 dxe5 19. Qxe5 Qh4 20. Bd3
Qxh2 21. g5 h5 22. Qe3 f6 23. gxf6 Rxf6 24. Qa7 Rf7 25. Bh7+ Kf8 26. Qxa6 Rfc7
27. Qd6+ Kf7 28. Qe5 Kf8 29. Qd6+ Kf7 30. Qe5 Kf8 31. Rg5 Rd7 32. b3 Be4 33.
Bxe4 Rxd1+ 34. Kb2 Qd2 35. Qxg7+ Ke8 36. Qg8+ Ke7 37. Qg7+ Ke8 38. Bc6+ Rxc6
39. Qg8+ Ke7 40. Rg7+ Kd6 41. Qb8+ Kc5 42. Rg5+ Qd5 43. a3 Rd6 44. Qc7+ Kd4 45.
Qc3+ Ke4 46. Re5+ Qxe5 47. Qxe5+ Kf3 48. Qxh5+ Kxf4 49. Qxb5 e5 50. a4 e4 51.
a5 e3 52. a6 Rd7 53. Qb8+ Kf3 54. a7 Rxa7 55. Qxa7 e2 1/2-1/2

[Event "China - India (match) 2015"]
[Site "Hyderabad IND"]
[Date "2015.03.02"]
[Round "1"]
[White "Sethuraman, S.P."]
[Black "Wei, Yi"]
[Result "1/2-1/2"]
[WhiteElo "2623"]
[BlackElo "2706"]
[PlyCount "63"]
[EventDate "2015.03.02"]

1. e4 c5 2. Nf3 d6 3. d4 cxd4 4. Nxd4 Nf6 5. Nc3 a6 6. h3 e5 7. Nde2 h5 8. g3
b5 9. Nd5 Nbd7 10. Bg5 Bb7 11. Nec3 Rc8 12. Bg2 Be7 13. Nxe7 Qxe7 14. a3 Qe6
15. Qe2 O-O 16. h4 Rc4 17. Rd1 Nc5 18. Bxf6 Qxf6 19. O-O Qg6 20. Rfe1 Rd4 21.
Rxd4 exd4 22. Nd5 Bxd5 23. exd5 Na4 24. b3 Nc3 25. Qd2 Qf6 26. Qd3 Rd8 27. Bf3
g6 28. Kg2 Kf8 29. Qd2 Kg7 30. Qd3 Kf8 31. Qd2 Kg7 32. Qd3 1/2-1/2

[Event "China - India (match) 2015"]
[Site "Hyderabad IND"]
[Date "2015.03.03"]
[Round "2"]
[White "Wei, Yi"]
[Black "Sethuraman, S.P."]
[Result "1/2-1/2"]
[WhiteElo "2706"]
[BlackElo "2623"]
[PlyCount "98"]
[EventDate "2015.03.02"]

1. e4 c6 2. d4 d5 3. Nd2 dxe4 4. Nxe4 Bf5 5. Ng3 Bg6 6. h4 h6 7. Nf3 Nd7 8. h5
Bh7 9. Bd3 Bxd3 10. Qxd3 e6 11. Bd2 Ngf6 12. O-O-O Be7 13. Kb1 Qb6 14. Rhe1 O-O
15. Nf5 exf5 16. Rxe7 Qd8 17. Qa3 Ne4 18. Nh4 Nb6 19. Nxf5 Nc4 20. Qh3 Nexd2+
21. Ka1 Kh8 22. Qg3 Rg8 23. b3 Qd5 24. Qd3 b5 25. bxc4 Nxc4 26. Rde1 Rad8 27.
Qe4 Na3 28. Qxd5 Rxd5 29. R1e5 Rgd8 30. c3 Rxe5 31. Rxe5 b4 32. cxb4 g6 33.
hxg6 fxg6 34. Ne3 Rxd4 35. Re8+ Kg7 36. Re7+ Kf6 37. Rxa7 Nc4 38. Nxc4 Rxc4 39.
Rb7 Rc1+ 40. Kb2 Rf1 41. Kb3 Ke6 42. a4 Rxf2 43. a5 Rxg2 44. a6 Rg1 45. Kb2
Rg2+ 46. Kb3 Rg1 47. a7 Ra1 48. Kb2 Ra4 49. Kb3 Ke5 1/2-1/2

[Event "Cappelle Grande Open 2015"]
[Site "Cappelle la Grande FRA"]
[Date "2015.03.03"]
[Round "5"]
[White "Li, Chao b"]
[Black "Gabrielian, Artur"]
[Result "1-0"]
[WhiteElo "2728"]
[BlackElo "2551"]
[PlyCount "123"]
[EventDate "2015.02.28"]

1. d4 f5 2. g3 Nf6 3. Bg2 g6 4. Nh3 Bg7 5. O-O O-O 6. c4 c6 7. Nc3 d6 8. d5 Bd7
9. c5 dxc5 10. Qb3 Qb6 11. dxc6+ Qxb3 12. cxb7 Qb6 13. bxa8=Q Nc6 14. Na4 Qb5
15. Bxc6 Bxc6 16. Qxa7 Qxe2 17. Qb6 Qe4 18. f3 Qxa4 19. Qb3+ Qxb3 20. axb3 Rb8
21. Ra7 Nd5 22. Nf4 Bd4+ 23. Kg2 Nxf4+ 24. Bxf4 e5 25. Bh6 Rb7 26. Rxb7 Bxb7
27. Ra1 e4 28. fxe4 Bxe4+ 29. Kf1 Bxb2 30. Rd1 Bd4 31. b4 Bc2 32. Rd2 Ba4 33.
Kg2 Kf7 34. Kh3 Bb5 35. bxc5 Bxc5 36. Rd1 Ke6 37. Bg5 Bd6 38. Re1+ Kf7 39. Rb1
Bd7 40. Rb7 Ke6 41. Rb6 Kd5 42. Kh4 Bc6 43. Ra6 h5 44. Rb6 Bd7 45. Rb7 Ke6 46.
Ra7 Be8 47. Bd8 Bc5 48. Rb7 Ba3 49. Rb1 Bc6 50. Ra1 Bb4 51. Ra6 Kd5 52. Kg5 Be8
53. Ra2 Ke6 54. Kh6 Bc5 55. Bg5 Bd4 56. Kh7 Kf7 57. Ra6 Kf8 58. Re6 Bc3 59. Bf4
Kf7 60. Rxg6 h4 61. gxh4 Bb5 62. h5 1-0

[Event "European Championship 2015"]
[Site "Jerusalem ISR"]
[Date "2015.03.03"]
[Round "7"]
[White "Motylev, Alexander"]
[Black "Nepomniachtchi, Ian"]
[Result "1/2-1/2"]
[WhiteElo "2665"]
[BlackElo "2714"]
[PlyCount "33"]
[EventDate "2015.02.24"]

1. e4 c5 2. Nf3 d6 3. d4 Nf6 4. Nc3 cxd4 5. Nxd4 a6 6. g3 g6 7. Bg2 Bg7 8. O-O
O-O 9. h3 Nc6 10. Be3 Bd7 11. Nd5 Rc8 12. Nxc6 bxc6 13. Bb6 Qe8 14. Nc7 Qd8 15.
Nd5 Qe8 16. Nc7 Qd8 17. Nd5 1/2-1/2

[Event "European Championship 2015"]
[Site "Jerusalem ISR"]
[Date "2015.03.03"]
[Round "7"]
[White "Eljanov, Pavel"]
[Black "Khairullin, Ildar"]
[Result "1/2-1/2"]
[WhiteElo "2727"]
[BlackElo "2629"]
[PlyCount "54"]
[EventDate "2015.02.24"]

1. c4 c5 2. Nc3 Nc6 3. g3 g6 4. Bg2 Bg7 5. Nf3 d6 6. O-O Bf5 7. b3 Nf6 8. Bb2
O-O 9. Nh4 Bg4 10. h3 Bd7 11. e3 Qc8 12. Kh2 a6 13. a4 Rb8 14. d3 e6 15. Qd2
Qc7 16. Nf3 Rfd8 17. Rfc1 Qb6 18. Ra3 Rbc8 19. Na2 a5 20. Nc3 Nb4 21. Qe2 Bc6
22. Rd1 Qc7 23. Nb5 Qb8 24. Raa1 b6 25. Rd2 Qb7 26. Rad1 Qe7 27. e4 e5 1/2-1/2

[Event "European Championship 2015"]
[Site "Jerusalem ISR"]
[Date "2015.03.03"]
[Round "7"]
[White "Korobov, Anton"]
[Black "Sutovsky, Emil"]
[Result "1-0"]
[WhiteElo "2687"]
[BlackElo "2626"]
[PlyCount "111"]
[EventDate "2015.02.24"]

1. Nf3 c5 2. b3 d6 3. c4 e5 4. Bb2 f5 5. e3 Nf6 6. Nc3 Nc6 7. d4 e4 8. d5 Ne5
9. Nxe5 dxe5 10. Qc2 a6 11. h3 Bd6 12. g4 fxg4 13. Nxe4 Nxe4 14. Qxe4 g3 15.
fxg3 O-O 16. O-O-O Bf5 17. Qg2 Qg5 18. Re1 Bg6 19. h4 Qg4 20. Be2 Qf5 21. e4
Qxe4 22. Qxe4 Bxe4 23. Rh2 Bf5 24. Bf3 e4 25. Bxe4 Rae8 26. Rhe2 Bxg3 27. Rg1
Bg4 28. Rxg3 Rf1+ 29. Kd2 Bxe2 30. Rxg7+ Kf8 31. Bxh7 Bh5 32. Rg8+ Kf7 33. Rg7+
Kf8 34. Rg8+ Kf7 35. Rg2 Rf4 36. Bd3 Rg8 37. Rh2 Ke7 38. Be5 Rf7 39. a3 Kd7 40.
b4 Re8 41. Bb2 b6 42. Rg2 Ree7 43. Kc2 Rf4 44. Bc3 Bf3 45. Rg6 Be4 46. Bxe4
Rexe4 47. Rxb6 Rf2+ 48. Kb3 Rf3 49. Rf6 Rh3 50. bxc5 Ree3 51. c6+ Kc7 52. Kb4
Rxc3 53. Rf7+ Kb8 54. Rf8+ Kc7 55. Kc5 Rhd3 56. d6+ 1-0